Score 0/20 Timer 06:00
1 Play Today
% Correct
Futurama
84.9%
The Jetsons
81.2%
Star Trek
80.8%
The Six Million Dollar Man
77.8%
Star Trek: The Next Generation
74.9%
Firefly
74.9%
3rd Rock from the Sun
71.7%
Marvel's Agents of S.H.I.E.L.D.
69.7%
The X-Files
64.7%
Quantum Leap
64.6%
% Correct
Lost in Space
63.7%
The Twilight Zone
63.3%
Doctor Who
61.8%
Mystery Science Theater 3000
57.5%
Red Dwarf
54.6%
Battlestar Galactica
45.3%
Fringe
44.1%
Orphan Black
32.2%
Limitless
31.5%
Farscape
29.1%
Remove Ads.
Support Sporcle.
Get the best of Sporcle when you Go Orange. This ad-free experience offers more features, more stats, and more fun while also helping to support Sporcle. Thank you for becoming a member.

You're not logged in!

Compare scores with friends on all Sporcle quizzes.
OR
Log In

Show Comments

Extras

Top Quizzes Today


Score Distribution

Your Account Isn't Verified!

In order to create a playlist on Sporcle, you need to verify the email address you used during registration. Go to your Sporcle Settings to finish the process.

Report this User

Report this user for behavior that violates our Community Guidelines.

Details: